IX concurso internacional de trabajo monográfico en torno al Código Iberoamericano de Ética Judicial : integridad /
Guardado en:
| Autor Corporativo: | |
|---|---|
| Formato: | Libro |
| Idioma: | Spanish |
| Publicado: |
Ciudad Autónoma de Buenos Aires :
Jusbaires,
2016.
|
| Edición: | 1a. ed. |
| Materias: | |
| Etiquetas: |
Agregar Etiqueta
Sin Etiquetas, Sea el primero en etiquetar este registro!
|
| LEADER | 00626nam a22001695a 4500 | ||
|---|---|---|---|
| 001 | DER.der014521 | ||
| 008 | 191128s2016####ag############000#0#spa#d | ||
| 005 | 20240305143740.0 | ||
| 245 | 1 | 0 | |a IX concurso internacional de trabajo monográfico en torno al Código Iberoamericano de Ética Judicial : |b integridad / |c Comisión Iberoamericana de Ética Judicial. |
| 250 | |a 1a. ed. | ||
| 260 | |a Ciudad Autónoma de Buenos Aires : |b Jusbaires, |c 2016. | ||
| 300 | |a 108 p. | ||
| 020 | |a 9789874057099 | ||
| 110 | 2 | |a Comisión Iberoamericana de Ética Judicial. | |
| 650 | 7 | |a DERECHO | |
| 650 | 7 | |a ETICA | |
| 859 | |a DERECHO |b BIB. DERECHO |h 341 |i COM |p 009802 | ||
